header

Practical design of steel structures (Record no. 22449)

MARC details
000 -LEADER
fixed length control field 01279nam a2200301 a 4500
100 1# - MAIN ENTRY--AUTHOR NAME
Personal name Ghosh, Karuna Moy.
245 10 - TITLE STATEMENT
Title Practical design of steel structures
260 ## - PUBLICATION, DISTRIBUTION, ETC. (IMPRINT)
Place of publication Dunbeath, Scotland :
Name of publisher Whittles Pub. ;
Place of publication Boca Raton, Fla. :
Name of publisher CRC Press,
Year of publication 2010.
300 ## - PHYSICAL DESCRIPTION
Number of Pages xi, 211 p. :
Other physical details ill.
650 #0 - SUBJECT ADDED ENTRY--TOPICAL TERM
Topical Term Building, Iron and steel.
Topical Term Structural design.
856 40 - ELECTRONIC LOCATION AND ACCESS
Uniform Resource Identifier http://site.ebrary.com/lib/rucke/Doc?id=10698311

No items available.

© 2026 Rongo University
Contact us: librarian | system librarian | Rongo university